О методах определения содержания плутония-239 в объектах окружающей среды; Энергетика: экология, надежность, безопасность; Т. 2

Opis bibliograficzny
Parent link:Энергетика: экология, надежность, безопасность: материалы докладов седьмой Всероссийской научно-технической конференции, Томск, 5-7 декабря 2001 г./ Томский политехнический университет; Российский фонд фундаментальных исследований [и др.].— , 2001-
Т. 2.— 2001.— С. 75-76
1. autor: Саликов С. С.
Kolejni autorzy: Троицкий О. Ю. Олег Юрьевич
Język:rosyjski
Wydane: 2001
Hasła przedmiotowe:
Format: Rozdział
KOHA link:https://koha.lib.tpu.ru/cgi-bin/koha/opac-detail.pl?biblionumber=82365

MARC

LEADER 00000naa2a2200000 4500
001 82365
005 20251202135451.0
035 |a (RuTPU)RU\TPU\book\88511 
090 |a 82365 
100 |a 20051003d2001 k y0rusy50 ca 
101 0 |a rus 
102 |a RU 
200 1 |a О методах определения содержания плутония-239 в объектах окружающей среды  |f С. С. Саликов, О. Ю. Троицкий 
461 1 |0 (RuTPU)RU\TPU\book\73537  |t Энергетика: экология, надежность, безопасность  |o материалы докладов седьмой Всероссийской научно-технической конференции, Томск, 5-7 декабря 2001 г.  |o в 2 т.  |f Томский политехнический университет; Российский фонд фундаментальных исследований [и др.]  |d 2001- 
463 0 |0 (RuTPU)RU\TPU\book\73089  |t Т. 2  |v С. 75-76  |d 2001 
610 1 |a плутоний 
610 1 |a экология 
610 1 |a окружающая среда 
610 1 |a методы определения 
610 1 |a труды учёных ТПУ 
610 1 |a охрана 
700 1 |a Саликов  |b С. С. 
701 1 |a Троицкий  |b О. Ю.  |c физик  |c профессор Томского политехнического университета, доктор физико-математических наук  |f 1943-  |g Олег Юрьевич  |3 (RuTPU)RU\TPU\pers\22014  |4 070 
801 1 |a RU  |b 63413507  |c 20051003  |g PSBO 
801 2 |a RU  |b 63413507  |c 20171009  |g RCR 
942 |c BK